[Event "Poznan op"]
[Site "Poznan"]
[Date "1996.??.??"]
[Round "4"]
[White "Ocytko, Andrzej"]
[Black "Bartkowiak, Damian"]
[Result "0-1"]
[WhiteElo "1975"]
[BlackElo "1800"]
[PlyCount "73"]
[EventDate "1996.??.??"]
[EventType "swiss"]
[EventRounds "9"]
[EventCountry "POL"]
[SourceTitle "EXT 2006"]
[Source "ChessBase"]
[SourceDate "2005.11.24"]
[SourceVersion "1"]
[SourceVersionDate "2005.11.24"]
[SourceQuality "1"]

1. e4 d6 2. d4 Nd7 3. Bc4 c6 4. f4 e5 5. c3 Ngf6 6. Qd3 d5 7. exd5 e4 8. Qe2 cxd5 9. Bb3 Nb8 10. h3 b6 11. Be3 Ba6 12. Ba4+ Nfd7 13. Bb5 Qc8 14. Nd2 Be7 15. 0-0-0 Bxb5 16. Qxb5 Qc6 17. Qb3 b5 18. Ne2 a5 19. f5 Na6 20. g4 Nb4 21. Rdf1 a4 22. Qd1 a3 23. Kb1 Nd3 24. b3 Nb6 25. b4 Na4 26. Qb3 Ndb2 27. Rc1 Nd3 28. Rc2 Kd7 29. Nf4 Nb6 30. Rd1 Bg5 31. Nxd3 exd3 32. Nf3 dxc2+ 33. Qxc2 Bf6 34. g5 Rhe8 35. gxf6 Rxe3 36. Ne5+ Rxe5 37. dxe5 0-1

[Event "Poznan op"]
[Site "Poznan"]
[Date "1996.??.??"]
[Round "9"]
[White "Ocytko, Andrzej"]
[Black "Colta, Marek"]
[Result "1-0"]
[WhiteElo "1975"]
[BlackElo "1800"]
[PlyCount "113"]
[EventDate "1996.??.??"]
[EventType "swiss"]
[EventRounds "9"]
[EventCountry "POL"]
[SourceTitle "EXT 2006"]
[Source "ChessBase"]
[SourceDate "2005.11.24"]
[SourceVersion "1"]
[SourceVersionDate "2005.11.24"]
[SourceQuality "1"]

1. e4 d5 2. exd5 Nf6 3. d4 Nxd5 4. Nf3 Bf5 5. Be2 e6 6. 0-0 Be7 7. c4 Nb6 8. Nc3 0-0 9. Be3 Bf6 10. Qd2 N8d7 11. Rad1 Qe7 12. c5 Nd5 13. Nxd5 exd5 14. Bf4 Rfe8 15. Rfe1 Qd8 16. Bd3 Bxd3 17. Qxd3 Rc8 18. Rxe8+ Qxe8 19. Re1 Qf8 20. Qb5 Qe8 21. Qxb7 Rb8 22. Qxa7 Rxb2 23. Bxc7 Qc8 24. Qa3 Rb7 25. Bd6 h6 26. Qa4 Rb2 27. h3 Kh7 28. Qa3 Rb7 29. Qd3+ g6 30. Rb1 Bg7 31. Rxb7 Qxb7 32. Qb3 Qc6 33. a4 Nf6 34. Ne5 Qa8 35. Nxf7 Qa5 36. f3 Qe1+ 37. Kh2 Ne4 38. fxe4 Bxd4 39. Ng5+ hxg5 40. Qb7+ Kh8 41. Qc8+ Kg7 42. Qd7+ Kg8 43. Qe8+ Kg7 44. Be5+ Bxe5+ 45. Qxe5+ Kh7 46. Qc7+ Kh6 47. exd5 g4 48. Qg3 Qe4 49. d6 gxh3 50. d7 hxg2 51. d8Q g1Q+ 52. Kxg1 Qb1+ 53. Kg2 Qc2+ 54. Qf2 Qe4+ 55. Qf3 Qc2+ 56. Kg3 Qxa4 57. Qh8+ 1-0